Normal view
MARC view
- FAMILY LIVING RELATIONSHIPS AND DECISIONS.SOCIOLOGY
Entry Topical Term
001 - CONTROL NUMBER
- control field: 75112
003 - CONTROL NUMBER IDENTIFIER
- control field: NUST
005 - DATE AND TIME OF LATEST TRANSACTION
- control field: 20210628205346.0
008 - FIXED-LENGTH DATA ELEMENTS
- fixed length control field: 210628|| aca||aabn | a|a d
040 ## - CATALOGING SOURCE
- Original cataloging agency: NUST
- Transcribing agency: NUST
150 ## - HEADING--TOPICAL TERM
- Topical term or geographic name entry element: FAMILY LIVING RELATIONSHIPS AND DECISIONS.SOCIOLOGY
670 ## - SOURCE DATA FOUND
- Source citation: Work cat.: (NUST): Cox, Frank D 75111, Family living,relationships and decisions, 2002
